Padasalaiyilirunthu thuspirayogam thurnadaththaikalai olippom

Saved in:
Bibliographic Details
Main Author: Karamath, S.A.C.M
Format: Book
Published: Panadura Janasansadaya 2010
Tags: Add Tag
No Tags, Be the first to tag this record!

MARC

LEADER 00000nam a2200000 a 4500
020 |a 9789551687281 
082 |a 362.76 
100 |a Karamath, S.A.C.M. 
245 |a Padasalaiyilirunthu thuspirayogam thurnadaththaikalai olippom 
260 |a Panadura  |b Janasansadaya  |c 2010 
300 |a (iii),22p. ; 21cm. 
942 |c AFW 
999 |c 151167  |d 151167